| 000 | 00514nam a2200157Ia 4500 | ||
|---|---|---|---|
| 008 | 210716s2008 xx 000 0 und d | ||
| 020 | _a9780070223691 | ||
| 041 | _aeng | ||
| 082 | _a005.8 SCAJ | ||
| 100 | _aScambray, Joel; Mcclure, Stuart. | ||
| 245 |
_aHacking exposed windows: windows security secrets and solutions. _bWindows security secrets and solutions. |
||
| 250 | _a3 | ||
| 260 |
_aNew Delhi _bTata McGraw Hill Publishing Company Ltd _c2008 |
||
| 300 | _axxvi,451 | ||
| 650 | _aMSWindows OP(005.43769) | ||
| 999 |
_c188460 _d188460 |
||